| 000 | 00664nam a2200205 i 4500 | ||
|---|---|---|---|
| 001 | 149023 | ||
| 003 | ES-MaACL | ||
| 005 | 20250825134558.0 | ||
| 007 | t| | ||
| 008 | 070214s1943 sp r ||||1| spa d | ||
| 100 | 1 |
_aSuster, Roberto. _9108866 |
|
| 245 | 1 | 3 |
_aEl bolchevismo ruso contra Europa / _cRoberto Suster ; traducción, prólogo y notas de Jesús Evaristo Casariego. |
| 260 |
_aMadrid : _bEd. Nacional, _c1943. |
||
| 300 |
_a182 p. ; _c22 cm. |
||
| 650 | 4 |
_aPropaganda comunista. _9159359 |
|
| 650 | 0 | 4 |
_aComunismo- _zURSS. _911227 |
| 700 | 1 |
_aCasariego, J. E., _d1913-1990 _936176 |
|
| 852 |
_aES-MaACL _jF-15941 _bR.20552 |
||
| 999 |
_c149023 _d149023 |
||